[Event "RUS Cup final 4th"]
[Site "Elista"]
[Date "2000.08.22"]
[Round "4"]
[White "Popov, Valerij"]
[Black "Lastin, Alexander"]
[Result "0-1"]
[WhiteElo "2557"]
[BlackElo "2580"]
[Annotator "Lutz,C"]
[PlyCount "79"]
[EventDate "2000.08.19"]
[EventType "tourn"]
[EventRounds "11"]
[EventCountry "RUS"]
[EventCategory "12"]
[SourceTitle "CBM 079"]
[Source "ChessBase"]
[SourceDate "2000.11.21"]
[SourceVersion "1"]
[SourceVersionDate "2000.11.21"]
[SourceQuality "1"]

1. d4 d5 2. c4 c6 3. Nf3 Nf6 4. Nc3 e6 5. Bg5 h6 6. Bxf6 Qxf6 7. Qb3 a5 $5 {
Schwarz sucht die weiße Damenstellung auszunutzen.} (7... dxc4 8. Qxc4 Nd7 {
oder}) (7... Nd7 {sind die gewöhnlicheren Alternativen.}) 8. e4 dxe4 9. Nxe4
Bb4+ {Eine der Pointen von 7...a5. Schwarz zerstört die weiße Rochade,
allerdings müssen sein Läufer und seine Dame Verrenkungen machen.} 10. Kd1 (10.
Qxb4 axb4 11. Nxf6+ gxf6 {bringt Weiß nichts ein, z.B.} 12. g3 Nd7 13. Bg2 b6
14. d5 cxd5 15. cxd5 Bb7 16. dxe6 fxe6 17. O-O Nc5 18. Rfc1 Ke7 19. Nd4 Bxg2
20. Kxg2 Rhc8 21. b3 Kf7 22. Rc4 Nd3 23. Nc6 Kf8 24. Kf1 Rc7 25. Ke2 b5 26. Rc2
Rac8 27. Kxd3 {1/2-1/2 Lutz,C-Thesing,M/GER 1991/TD (27)}) 10... Qf4 {Schwarz
muss in diesem und den nächsten Zügen energisch reagieren, ansonsten kann
c4-c5 mit Läuferfang unangenehm werden. Die Stellung ist sehr scharf.} 11. Bd3
f5 12. Ng3 c5 13. a3 (13. d5 $5 a4 14. Qc2 O-O 15. a3 Ba5 16. Qe2 exd5 17. cxd5
Bd7 18. Qe5 Bc7 19. Qxf4 Bxf4 20. Nh4 Bxg3 21. hxg3 b5 22. Kd2 Ra6 23. Rae1 c4
24. Bc2 Rd6 25. Kc3 Rxd5 26. Ng6 {1-0 Timman,J-Kuczynski,R/Tilburg 1992/CBM 32
(26)}) 13... a4 14. Qc2 Ba5 15. Ne2 (15. Qxa4+ Bd7 16. Qc2 cxd4 17. Ne2 $2 (17.
Qc1 $5 {Ftacnik} Qxc1+ 18. Kxc1 $1 $10 {/\ Rd1}) 17... Qg4 18. Nexd4 Nc6 $40
19. Nxc6 Bxc6 20. Be2 Qxg2 21. Rg1 O-O-O+ 22. Kc1 Qxf2 {0-1 Rodriguez,R-Ye
Rongguang/Bacolod 1991/CBM 23 ext (22)}) 15... Qd6 (15... Qg4 $6 16. Ne5 Qxg2
17. Rg1 Qxf2 18. Qxa4+ Nd7 19. b4 cxd4 20. Rxg7 Qf1+ 21. Kc2 Qxa1 22. Nxd7 b5
23. Qxb5 {1-0 Novikov,I-Strokov,A/Alicante 1992/TD (23)}) 16. Qxa4+ $146 {
Weiß schnappt sich einen Bauern, aber Schwarz kommt zur Vollendung der
Entwicklung, wonach sich der unrochierte weiße König bemerkbar macht.} (16. Ne5
O-O 17. f4 Bc7 18. Nc3 Qxd4 19. Nb5 Qd8 20. Nxc7 Qxc7 21. Qf2 b6 22. Kc2 Nc6
23. Nxc6 Qxc6 24. Rae1 Bb7 $17 {0-1 Pelletier,Y-Kadimova,I/Altensteig 1994/EXT
97 (47)}) 16... Bd7 17. Qc2 Nc6 18. dxc5 Qxc5 19. Nc1 Bc7 20. Nb3 Qe7 $17 {
[%csl Rd1][%cal Ye6e5,Ye5e4,Ya8d8,Yd8d1] Mir scheint, als ob Weiß trotz des
Minusbauern arg in der Bredouille steckt.} 21. g4 $5 {Schwächt den
Königsflügel, aber ansonsten droht ...0-0 nebst ...e6-e5-e4.} O-O-O 22. gxf5
exf5 23. Kc1 Qd6 24. Kb1 Qf4 25. Be2 g5 26. Qd2 Qe4+ 27. Qd3 Rhe8 28. Qxe4 Rxe4
29. Ng1 {Offensichtlich ist etwas fundamental schiefgelaufen.} Bb6 30. Kc2 (30.
c5 Be6 31. cxb6 Bxb3 $19) 30... Bxf2 31. Bd3 Nd4+ 32. Nxd4 Rxd4 33. Kc3 Rxd3+
34. Kxd3 Bc6+ 35. Ke2 Bh4 36. Nh3 Bg2 37. Rhd1 Re8+ 38. Kd3 Bxh3 39. c5 f4 40.
Kd4 0-1

[Event "EU-Cup 18th"]
[Site "Kallithea"]
[Date "2002.09.26"]
[Round "5.1"]
[White "Sakaev, Konstantin"]
[Black "Borovikov, Vladislav"]
[Result "1-0"]
[WhiteElo "2647"]
[BlackElo "2570"]
[Annotator "Lutz,C"]
[PlyCount "51"]
[EventDate "2002.09.22"]
[EventType "team-swiss"]
[EventRounds "7"]
[EventCountry "GRE"]
[SourceTitle "CBM 092"]
[Source "ChessBase"]
[SourceDate "2003.02.06"]
[SourceVersion "1"]
[SourceVersionDate "2003.02.06"]
[SourceQuality "1"]
[WhiteTeam "St Petersburg"]
[BlackTeam "Momot Alexander"]
[WhiteTeamCountry "RUS"]
[BlackTeamCountry "UKR"]

1. d4 d5 2. c4 c6 3. Nf3 Nf6 4. Nc3 e6 5. Bg5 h6 6. Bh4 dxc4 7. e4 g5 8. Bg3 b5
9. Be2 Bb7 10. h4 g4 11. Ne5 h5 12. O-O Nbd7 13. Qc2 Nxe5 14. Bxe5 Bg7 15. Bg3
$5 $146 {Eine Neuerung. Normalerweise deckt Weiß erst den Pd4, bevor er den
Läufer zurückzieht.} (15. Rad1 O-O 16. Bg3 {siehe Fillipov,V-Borovikov,V/EUCup
18th Halkidiki 2002}) 15... b4 $2 {Schwarz packt den Stier bei den Hörnern,
aber er hatte zwei Alternativen.} (15... O-O $5 {ist naheliegend:} 16. e5 (16.
Rad1 {führt zu 15.Rad1 0-0 16.Bg3}) 16... Nh7 {Nun sind wir per Zugumstellung
bei Kramnik,V-Akopian,V/Dortmund 2000 angelangt:} (16... Nd7 $5) 17. Rad1 f5
18. exf6 Qxf6 19. f3 Qf5 20. Qd2 Qg6 21. fxg4 hxg4 22. Qe3 Rf5 23. Ne4 c5 $1
24. Nxc5 Bd5 25. a4 Raf8 26. axb5 Rf3 $1 27. gxf3 gxf3 28. Kh2 $13) (15... Qxd4
$5 16. Rad1 Qb6 $13 {erscheint riskant da der schwarze König dann lang
rochieren muss, aber Bauer ist Bauer:} 17. e5 (17. Bd6 O-O-O $5) 17... Nd5 18.
Ne4 O-O-O (18... O-O $2 19. Ng5) 19. Nd6+ Rxd6 20. exd6 f5 $13) 16. Na4 Qxd4
17. Bxc4 {Nun ist Schwarz bereits arg in Nöten, da seine Dame in Bedrängnis
gerät.} c5 $2 (17... Qxe4 18. Bd3 Qd4 19. Nc5 Bc8 20. Rad1 $16 {, unsd die
schwarze Dame wird nicht mehr richtig glücklich.}) (17... O-O 18. e5 {nebst Rd1
}) (17... Qd8 $5 {erscheint noch wie das Beste, ist aber auch nicht wirklich
erfreulich für Schwarz.} 18. Rad1 Qa5 19. Bd6 O-O-O 20. Nc5 $40) 18. e5 $18 Qe4
(18... Nd7 19. Rfd1 (19. Rfe1 $5 {/\ Rad1} Bc6 20. Bxe6 fxe6 21. Rad1 Bxa4 22.
Qxa4 $18) 19... Qe4 20. Qxe4 Bxe4 21. Bb5 Bd5 22. Nxc5 O-O-O 23. Nxd7 Rxd7 24.
Bxd7+ Kxd7 25. Rac1 $18) 19. Bb5+ Kf8 20. Qxc5+ Kg8 21. f3 gxf3 22. exf6 Bxf6
23. gxf3 Qg6 24. Kh2 Rc8 25. Qe3 Rc2+ 26. Rf2 1-0

[Event "Chigorin Memorial 07th"]
[Site "St Petersburg"]
[Date "1999.11.08"]
[Round "7"]
[White "Shcherbakov, Ruslan"]
[Black "Yagupov, Igor"]
[Result "0-1"]
[WhiteElo "2541"]
[BlackElo "2449"]
[Annotator "Lutz,C"]
[PlyCount "108"]
[EventDate "1999.11.02"]
[EventType "swiss"]
[EventRounds "9"]
[EventCountry "RUS"]
[SourceTitle "CBM 074"]
[Source "ChessBase"]
[SourceDate "2000.02.01"]
[SourceVersion "1"]
[SourceVersionDate "2000.02.01"]
[SourceQuality "1"]

1. d4 {Hecht} d5 2. c4 c6 3. Nf3 Nf6 4. Nc3 e6 5. Bg5 h6 6. Bh4 dxc4 7. e4 g5
8. Bg3 b5 9. Be2 Bb7 10. h4 $1 b4 $5 $146 {Schwarz spielt mit maximalem Risiko.
Andererseits waren die Folgen nach 10...g4 11.Se5 bisher auch nicht gerade
erbaulich für ihn.} (10... g4) 11. Na4 (11. hxg5 bxc3 12. gxf6 cxb2 13. Rb1 c3
(13... Qa5+ 14. Kf1 c3 15. Ne5)) 11... Nxe4 {Ein Vergleich mit der Variante 9..
.b4 10.Sa4 Sxe4 11.Le5 ist angebracht. Weiß hat den Extrazug h2-h4, während
Schwarz bereits seinen Läufer nach b7 entwickelt hat.} 12. Be5 f6 $8 {Die
schwarzen Schwächen machen keinen guten Eindruck, aber momentan hat Schwarz
zwei Bauern mehr.} (12... Nf6 13. Nc5 $16 {wäre im Vergleich zur Variante nach
9...b4 ziemlich desaströs für Schwarz.}) 13. Qc2 $5 (13. Bxb8 Rxb8 14. Bxc4 (
14. hxg5 Qa5 15. Kf1 Nxg5 $132) 14... g4 $13) 13... c5 14. Bxc4 $5 {Die
schwarze Stellung riecht nach einem Opfer.} (14. Bxb8 Rxb8 15. Nxc5 Bxc5 16.
dxc5 Qa5) (14. O-O-O $5 fxe5 15. dxe5 Qc7 16. Bxc4 $44 {ist auch nicht von der
Hand zu weisen. Schwarz hat Probleme mit dem Ne4, da dieser der weißen Dame
den Zugang nach g6 verwehren muss.}) 14... fxe5 15. O-O-O exd4 16. Rhe1 Qc7 17.
Bd3 (17. Rxe4 $2 Bxe4 18. Qxe4 Qf4+ $19) 17... Nd7 $5 {Schwarz gibt die Figur
direkt wieder zurück, um seinen König in relative Sicherheit zu bringen.} (
17... Nf6 18. Rxe6+ (18. hxg5 Bxf3 19. gxf3 hxg5 $13) 18... Kf7 $13 {und ich
sehe keine klare Fortsetzung. Gelegentlich kommt Schwarz das Damenschach auf
f4 zu Hilfe.}) 18. Bxe4 O-O-O 19. Bxb7+ Kxb7 20. Rxe6 Kb8 21. Qg6 {Wenn Weiß
den Na4 ins Spielgeschehen einbeziehen kann, steht er gut. Gelingt dies nicht,
so steht er schlecht.} gxh4 22. Kb1 h5 23. Ng5 Ne5 24. Qe4 Bd6 25. Rxe5 $1 {
So kann Weiß den Bauern zurückgewinnen und den Na4 wieder ins Spiel bringen.}
Bxe5 26. Ne6 Qd6 27. Naxc5 Qd5 28. Na6+ Kb7 29. Nxd8+ Rxd8 30. Qxd5+ Rxd5 31.
Nxb4 Rd8 32. Nd3 Bf6 $11 {Dies Stellung ist ausgeglichen. Es ist erstaunlich,
dass Weiß noch verliert. Wahrscheinlich war Zeitnot im Spiel.} 33. Re1 Rg8 34.
Nf4 (34. Re6 Rxg2 35. Rxf6 h3 36. Nc5+ Kc7) 34... Rg5 35. Re4 (35. Kc2 Rg4 36.
Nxh5 $11) 35... d3 36. Kc1 Rg4 37. Kd1 Bg5 38. Ne6 Be7 39. Re5 $6 (39. Rd4 Kc6
40. Rxd3 Rxg2 41. Ke2 Bf6 42. Nd4+ {sollte immer noch zum Unentschieden
reichen.}) 39... Rxg2 40. Kd2 $2 (40. Rxh5 Rxf2 (40... Kc6 41. Kd2 Rxf2+ 42.
Kxd3 $15) 41. Rh7 Kb6 42. Rxe7 h3 43. Rh7 h2 44. Kc1 (44. Nf4 Rxb2 45. Nxd3
Rxa2 $17) 44... Rc2+ (44... Rf1+ 45. Kd2 h1=Q 46. Rxh1 Rxh1 47. Kxd3 $11) 45.
Kb1 Re2 46. Kc1 {, und Weiß hält sich noch.}) 40... Rxf2+ 41. Kxd3 h3 42. Nc5+
(42. Rxh5 h2 43. Rh7 Kb6 $19) 42... Bxc5 $19 43. Rxc5 Rxb2 44. a4 Rb4 45. Rxh5
(45. a5 Rh4 $19) 45... Rxa4 {Hecht: '[#]'} 46. Kc3 Ra3+ (46... Ra1 {Hecht:
Möglich und logisch war auch} 47. Kb2 Rh1 48. Rg5 {Versuch der
Seitenverteidigung} Rf1 49. Rh5 Rf2+ 50. Kc3 h2 $19 {mit dem zweifachen
Gewinnplan: Annäherung des Königs an den h-Bauern; Laufen des a-Bauern, wenn
der weiße König am Königsflügel bleibt. Der weiße Turm ist an die Bewachung
des h-Bauern gebunden.} 51. Rh6 Kc7 52. Kd3 Kd7 53. Ke3 Rb2 54. Kf3 (54. Kd3
Ke7 55. Kc3 Rf2) 54... a5) 47. Kb4 Rf3 48. Rh6 Kc7 49. Ra6 (49. Kc5 {Hecht} Kd7
50. Kd5 a5 51. Rh7+ Kd8 52. Rh4 Ke7 53. Ke5 Kf7 54. Ke4 Rb3 55. Ke5 a4 56. Rxa4
Kg6 57. Kf4 h2 58. Ra1 (58. Ra6+ Kh5 59. Ra8 Rf3+ 60. Ke4 Rf6 $19) 58... Rh3
59. Rh1 Kh5 $19) 49... Kd7 50. Kc4 (50. Rxa7+ {Hecht} Ke6 51. Rh7 Kf5 52. Kc4
Ke4 53. Rh8 Ke3 54. Kd5 Kf2 55. Ke4 Kg2 $19) (50. Rh6 {Hecht} Ke7 51. Kc5 a5
52. Kd5 a4 53. Ke4 Rb3 $19) 50... Rf4+ 51. Kd5 Rh4 {Hecht: 'Gewinnindizien:
Turm hinter dem Freibauern und horizontale Sperre. '} 52. Rxa7+ Ke8 53. Ra1 h2
54. Rh1 Kf7 (54... Kf7 55. Ke5 Kg6 $19 {Hecht: 'mit Aussperrung des weißen
Königs.'}) 0-1

[Event "American Continental 2nd"]
[Site "Buenos Aires"]
[Date "2003.08.29"]
[Round "11"]
[White "Shulman, Yuri"]
[Black "Novikov, Igor A"]
[Result "1-0"]
[WhiteElo "2559"]
[BlackElo "2598"]
[Annotator "Lutz,C"]
[PlyCount "79"]
[EventDate "2003.08.17"]
[EventType "swiss"]
[EventRounds "11"]
[EventCountry "ARG"]
[SourceTitle "CBM 097"]
[Source "ChessBase"]
[SourceDate "2003.11.11"]
[SourceVersion "1"]
[SourceVersionDate "2003.11.11"]
[SourceQuality "1"]

1. d4 d5 2. c4 c6 3. Nf3 Nf6 4. Nc3 e6 5. Bg5 h6 6. Bh4 dxc4 7. e4 g5 8. Bg3 b5
9. Be2 Bb7 10. h4 g4 11. Ne5 Nbd7 $5 {Mit diesem Zug (ähnlich wie nach 11...
Rg8 von Vallejo Pons) will Schwarz (im Gegensatz zum 'normalen' 11...h5)
seinen Mehrbauern direkt wieder zurückgeben und hofft, dafür Gegenspiel auf
der g- und d-Linie zu erlangen.} (11... h5) 12. Nxg4 {Weiß sollte schon das
Rückopfer des Nachziehenden annehmen, nach anderen Zügen hat Schwarz ein Tempo
gewonnen.} Rg8 13. Nxf6+ (13. e5 Nxg4 14. Bxg4 Qb6 15. a4 (15. O-O O-O-O 16. b3
Nb8 17. Qf3 Qxd4 18. Bh3 Bb4 19. Rad1 Rxg3 20. Qxg3 Qxc3 21. Rxd8+ Kxd8 22.
Qg8+ Kc7 23. Rd1 Bc8 24. Qxf7+ Kb6 25. Qe8 Qc2 26. Bg4 Kb7 27. Qf7+ Bd7 28.
Rxd7+ Nxd7 29. Qxd7+ Kb6 30. Qd8+ Kc5 31. Qd6+ Kb6 32. Qb8+ Kc5 33. Qxa7+ Kd5
34. Qe3 {1-0 Sakaev,K-Lastin,A/Panormo 2001/CBM 84 ext (34)}) 15... O-O-O $5 (
15... a6 16. axb5 cxb5 17. d5 O-O-O 18. Kf1 h5 19. Bxh5 Rxg3 20. fxg3 Nxe5 21.
Qe2 Bg7 22. d6 Rxd6 $17 {0-1 Sambuev,B-Yevseev,D/Tula 2001/EXT 2002 (36)}) 16.
a5 Qa6 17. O-O c5 18. d5 b4 19. dxe6 fxe6 20. Na4 Bd5 21. Bf3 Qc6 $17 {1/2-1/2
Gershon,A-Miton,K/Bermuda 2003/CBM 94/[Lutz] (35)}) 13... Nxf6 {Da dieser Zug
zu Problemen führt (wie nicht nur die vorliegende Partie zeigt) ist vielleicht
13...Qxf6 eine nähere Prüfung wert.} (13... Qxf6 $5 14. Bf3 e5 15. d5 Bc5 16.
h5 Bd4 17. Bh4 Qd6 18. dxc6 Bxc6 19. O-O a6 20. a4 b4 21. Ne2 a5 22. Qc1 Qe6
23. Rd1 Bb6 24. Ng3 Rxg3 25. Bxg3 Bd4 26. Rxd4 exd4 27. Qd2 d3 28. b3 Nc5 29.
bxc4 Nb3 30. Qxd3 Nxa1 31. Qb1 Qf6 32. e5 Qe6 33. Bxc6+ Qxc6 34. Qxa1 O-O-O 35.
Qc1 b3 36. e6 fxe6 37. Be5 Qe4 38. f4 Qe2 39. Qc3 Qd1+ 40. Kh2 Qxh5+ 41. Kg1
Rd1+ 42. Kf2 Qh4+ 43. Ke2 b2 44. Qxb2 Qe1+ 45. Kf3 Rd3+ 46. Kg4 Rg3+ {0-1
Komljenovic,D-Korneev,O/Sevilla 2003/CB07 (46)}) 14. Bf3 Qb6 15. Qd2 Rd8 (15...
h5 16. O-O Rd8 17. Ne2 c5 18. d5 exd5 19. exd5 Bxd5 20. Qf4 Bxf3 21. Qxf3 Rd3
22. Qf4 Be7 23. Rfe1 Nd5 24. Qe5 Qb7 25. Qxh5 $36 {1-0 Rogozenko,D-Cosma,I/
Sovata 2001/EXT 2003 (41)}) 16. Qf4 Bg7 17. Rd1 {Weiß hat eine gute
Aufstellung gefunden. Gegenspiel auf der g- und d-Line wurde neutralisiert und
er verfügt immer noch über sein Bauernzentrum. Die schwarzen Probleme 
(besonders die Frage der Königsstellung) sind dagegen immer noch akut.} c5 $2 {
Dieser Zug führt einfach zum Verlust eines Bauern, ohne viel Kompensation.} (
17... Rxd4 $2 18. Rxd4 Qxd4 19. Qb8+) (17... Qa5 18. a3) 18. dxc5 $16 Rxd1+ 19.
Kxd1 Qxc5 $146 {Erst dieser Zug ist neu.} (19... Qc6 20. Kc1 Nd7 21. e5 Bxe5
22. Qe3 Rxg3 23. fxg3 Qa6 (23... Qxc5 24. Qxc5 Nxc5 25. Bxb7 Nxb7 26. Nxb5 $16)
24. Bxb7 Qxb7 25. Ne4 Ke7 26. Rd1 f5 27. Nc3 b4 28. Ne2 c3 29. bxc3 bxc3 30.
Nxc3 Qc6 31. Rxd7+ {1-0 Nyback,T-Nielsen,P/Copenhagen 2003/CBM 95 ext (31)})
20. Qb8+ Qc8 (20... Bc8 21. Bd6 (21. Qxb5+) 21... Nd7 22. Bxc5 Nxb8 23. Nxb5
$18) 21. Qxc8+ Bxc8 22. Nxb5 $18 {Der Rest ist trostlos für Schwarz.} Ke7 23.
Kc2 Ba6 24. Nxa7 Bb7 25. Re1 Nd7 26. e5 Bxf3 27. gxf3 Nb6 28. Rd1 Ra8 29. Nc6+
Ke8 30. a3 Bf8 31. Nd4 Rb8 32. Bf4 Bg7 33. Rg1 Kf8 34. Bd2 Nd5 35. f4 Rb6 36.
h5 f5 37. a4 Kf7 38. a5 Ra6 39. Ra1 Bf8 40. Ra4 1-0

[Event "NED-ch54"]
[Site "Rotterdam "]
[Date "1999.06.09"]
[Round "10"]
[White "Sokolov, Ivan"]
[Black "Peng, Zhaoqin"]
[Result "1-0"]
[WhiteElo "2624"]
[BlackElo "2452"]
[Annotator "Lutz,C"]
[PlyCount "81"]
[EventDate "1999.05.29"]
[EventType "tourn"]
[EventRounds "11"]
[EventCountry "NED"]
[EventCategory "12"]
[SourceTitle "CBM 072"]
[Source "ChessBase"]
[SourceDate "1999.10.01"]
[SourceVersion "1"]
[SourceVersionDate "1999.10.01"]
[SourceQuality "1"]

1. d4 d5 2. c4 c6 3. Nf3 Nf6 4. Nc3 e6 5. Bg5 h6 6. Bh4 dxc4 7. e4 g5 8. Bg3 b5
9. Be2 Bb4 $5 {Eine seltene Alternative zu 9...Bb7.} 10. O-O (10. Qc2 $5) 10...
Bxc3 11. bxc3 Nxe4 12. Qc2 $6 {Besser gefällt mir Jussupows 12.Ne5!?:} (12. Ne5
$5 Nd7 13. Bh5 O-O 14. Nxf7 $5 Rxf7 15. Bxf7+ Kxf7 16. Qc2 Ndf6 17. Be5 $44 Qa5
$1 18. Rac1 Qa3 19. g4 $1 (19. f3 Nxc3 $1 20. Qxc3 Qxc3 21. Rxc3 Nd5 22. Rcc1
c3 $13) 19... b4 20. f4 Qxc3 21. Qxc3 bxc3 22. fxg5 hxg5 23. Rxf6+ $11 Nxf6 24.
Rf1 c2 25. Rxf6+ Kg8 26. Rf1 {1/2-1/2 Jussupow,A-Akopian,V/Ubeda 1997/CBM 58/
[Lutz] (26)}) 12... Nxg3 13. fxg3 Nd7 14. Nd2 (14. Qe4 Qc7 15. Nd2 Bb7 16. Bh5
O-O-O 17. Rxf7 c5 18. Qxe6 cxd4 19. Nf3 dxc3 20. Bg4 h5 21. Bf5 Rhe8 22. Qg6 g4
23. Rxd7 Qc5+ 24. Kh1 Kb8 25. Rad1 Qe7 26. Rxe7 Rxd1+ 27. Ng1 Rxe7 28. Bc2 Rd2
{0-1 Utemov,V-Mukhametov,E/Moscow 1990/CBM 19 ext (28)}) 14... Qe7 15. a4 a6
16. Rab1 Ra7 17. Rbe1 O-O 18. g4 Nf6 {Weiß hat nicht genügend Kompensation für
die beiden Bauern.} 19. Bd1 Nd5 20. Ne4 f6 21. Bf3 Qh7 22. Qd2 Rg7 23. Nc5 Re7
24. axb5 axb5 25. Be4 Qg7 26. Bf3 f5 27. Re5 fxg4 28. Bxg4 Rxf1+ 29. Kxf1 Qf6+
30. Kg1 Qf4 {Schwarz hat nach wie vor zwei Mehrbauern. In der Folge stellt
Schwarz jedoch seine Stellung ein, wahrscheinlich war Zeitnot im Spiel.} 31.
Qxf4 gxf4 (31... Nxf4 $17) 32. Ne4 b4 (32... Ra7 $17) 33. cxb4 c3 34. Nc5 Ne3
35. Be2 Ra7 36. Nd3 Ra1+ $2 (36... Ba6 37. Ra5 (37. Rc5 Bxd3 38. Bxd3 Ra2 $19 {
/\} 39. Rxc3 Ra1+ 40. Kf2 Nd1+) 37... Bxd3 38. Bxd3 Rd7 (38... Rxa5 $2 39. bxa5
c2 40. Bxc2 Nxc2 41. a6 $18) 39. Rc5 Rxd4 40. Rxc3 Nd5 41. Ra3 Nxb4 $17) 37.
Kf2 Ba6 38. Ra5 {Jetzt entsteht auf der a-Linie ein gefährlicher Freibauer.}
Nd1+ (38... Rxa5 39. bxa5 Bxd3 40. Bxd3 c2 41. Bxc2 Nxc2 42. a6 $18) 39. Kf3
Rxa5 40. bxa5 Nb2 41. Nb4 $18 1-0

[Event "Hoogovens"]
[Site "Wijk aan Zee"]
[Date "1998.01.17"]
[Round "2"]
[White "Topalov, Veselin"]
[Black "Timman, Jan H"]
[Result "1/2-1/2"]
[WhiteElo "2740"]
[BlackElo "2635"]
[Annotator "Lutz,C"]
[PlyCount "84"]
[EventDate "1998.01.16"]
[EventType "tourn"]
[EventRounds "13"]
[EventCountry "NED"]
[EventCategory "17"]
[SourceTitle "CBM 063"]
[Source "ChessBase"]
[SourceDate "1998.03.26"]
[SourceVersion "1"]
[SourceVersionDate "1998.03.26"]
[SourceQuality "1"]

1. d4 d5 2. c4 c6 3. Nf3 Nf6 4. Nc3 e6 5. Bg5 h6 6. Bh4 dxc4 7. e4 g5 8. Bg3 b5
9. Be2 Bb7 10. Ne5 $5 $146 {An dieser Stelle ein neuer Zug.} (10. O-O) (10. e5)
10... Bg7 (10... Nbd7 $5) 11. h4 Nfd7 $6 (11... Nbd7 $5) 12. Ng4 $1 Qa5 (12...
h5 13. Ne3 $16) (12... f5 $5 {sieht zwar nicht sehr solide aus, kommt
angesichts der unerfreulichen Partiefolge aber stark in Betracht.} 13. Ne5 (13.
exf5 exf5 14. Ne3 f4 15. Bh5+ Kf8 16. O-O $13) 13... Nxe5 14. Bxe5 Bxe5 15.
dxe5 Qxd1+ 16. Rxd1 g4 $13) 13. hxg5 hxg5 14. Rxh8+ Bxh8 15. Kf1 $16 Na6 16. e5
$1 {[%csl Rd6,Rf7,Rg3,Rg5,Rh8][%cal Yc3e4,Ye4d6] Ein sehr starker Zug. Weiß
sperrt zwar seinen Bg3 ein, aber nun sind Pg5, Pf7, das Feld d6 und der Bh8
schwach.} O-O-O 17. a4 Qb4 18. Bf3 $1 {/\ ab5} Qxb2 19. axb5 Qxc3 20. bxa6 Ba8
{[%csl Ra8,Rh8] Nun sind beide schwarzen Läufer kaltgestellt.} 21. Rc1 Qb3 22.
Nh6 Rf8 23. Bh5 $1 (23. Qxb3 $2 cxb3 24. Bxc6 b2) 23... Qxd1+ 24. Rxd1 f5 25.
exf6 Bxf6 26. Nf7 Be7 27. Nd6+ Bxd6 28. Bxd6 Rf5 29. Bg4 Rd5 30. Bg3 c5 31.
Bxe6 Rxd4 32. Rxd4 cxd4 33. Bxc4 Be4 34. f3 Bf5 35. Bf2 $2 {Erlaubt Schwarz
die Rettung.} (35. Ke2 $16) 35... Ne5 $1 36. Bb5 Bd7 37. Bxd7+ Kxd7 38. Bxd4
Nc6 39. Bc5 g4 $1 40. Ke2 Ke6 41. f4 Nb8 42. Bxa7 Nxa6 1/2-1/2

[Event "CRO-ch 6th"]
[Site "Pula"]
[Date "1998.01.21"]
[Round "12"]
[White "Cebalo, Miso"]
[Black "Zaja, Ivan"]
[Result "1-0"]
[WhiteElo "2515"]
[BlackElo "2450"]
[Annotator "Lutz,C"]
[PlyCount "57"]
[EventDate "1998.01.09"]
[EventType "tourn"]
[EventRounds "13"]
[EventCountry "CRO"]
[EventCategory "9"]
[SourceTitle "CBM 064"]
[Source "ChessBase"]
[SourceDate "1998.06.02"]
[SourceVersion "1"]
[SourceVersionDate "1998.06.02"]
[SourceQuality "1"]

1. Nf3 d5 2. c4 c6 3. d4 Nf6 4. Nc3 e6 5. Bg5 h6 6. Bxf6 Qxf6 7. e3 Nd7 8. Bd3
dxc4 9. Bxc4 g6 10. O-O Bg7 11. Re1 O-O 12. Qc2 b6 13. e4 Bb7 14. e5 Qe7 15. a3
Rfd8 16. Rad1 Rac8 (16... Nf8 $5) 17. h4 $5 (17. Ba2 c5 18. d5 exd5 19. Nxd5
Bxd5 20. Bxd5 Nf8 $11 21. a4 Rd7 22. Bc4 Rcd8 23. Rxd7 Qxd7 24. h4 Ne6 25. g3
Qc6 26. Re3 Kf8 27. b3 Ke7 28. h5 g5 29. Qf5 Rd1+ 30. Re1 Rxe1+ 31. Nxe1 a6 32.
Qh7 Bxe5 33. Bxa6 Bc3 34. Nc2 Qf3 35. Qd3 Qxd3 {1/2-1/2 Dizdar,G-Dreev,A/WchT
4th 1997/CBM 62}) 17... b5 (17... c5 $5 18. d5 exd5 {/\ ...Nf8}) (17... Nf8 $5)
18. Ba2 c5 19. d5 c4 (19... exd5 $5 20. e6 (20. Nxd5 Bxd5 21. Bxd5 Nf8 $11) (
20. Bxd5 Nf8 $132) 20... Nb6 21. exf7+ Qxf7 22. Nxb5 $13) 20. h5 exd5 21. hxg6
d4 $2 (21... fxg6 22. Qxg6 (22. Nxd5 Qe6 23. Nf4 Qg4 24. Nd5 Qe6 $11) (22. Nxb5
$5) 22... d4 (22... Nf8 23. Qg4 $16 {/\ Nd4}) 23. Nxd4 (23. Rxd4 Bxf3) 23...
Nxe5 $132) 22. gxf7+ $18 Kf8 (22... Qxf7 23. e6 $18) (22... Kh8 23. Nxd4 $18)
23. Qh7 Qxf7 24. e6 Nf6 25. Qf5 Qe7 26. Nxd4 Kg8 27. Qxb5 Rxd4 28. Rxd4 Rc5 29.
Rd8+ 1-0